000 00301nam a2200145Ia 4500
100 _aHanna/Phil
942 _cBK
654 _aJSP 2.0
245 _aThe Complete Reference JSP 2.0
260 _bTata Mc Graw hill
_c2003
082 _a5.72
_bHAN
300 _a852
546 _aENGLISH
999 _c27000
_d27000